Films tournés dans la province de Québec (par image) - Statistiques

Statistiques générales
  • Ce quiz a été pris 15 fois
  • Le résultat moyen est 4 sur 20
Statistiques - réponses
Par images Hint Réponse % Correct
Steven Spielberg (2002) Arrête-moi si tu peux
67%
Pierre Falardeau (1985) Elvis Gratton
67%
Ricardo Trogi (2009) 1981
50%
Charles Binamé (2005) Maurice Richard
50%
Jean-François Pouliot (2003) La Grande séduction
42%
Martin Scorsese (2004) L'Aviateur
25%
Julien Duvivier (1934) Maria Chapdelaine
25%
Sergio Leone (1984) Il était une fois en Amérique
17%
Sir Alfred Hitchcock (1953) La Loi du silence
17%
José Giovanni (1983) Le Ruffian
17%
Jean-François Richet (2008) Mesrine : L'Instinct de mort
17%
Charlotte Le Bon (2022) Falcon Lake
8%
Alexandre Arcady (1985) Hold-up
8%
Bruce Beresford (1991) Robe noire
8%
Brian De Palma (1998) Snake Eyes
8%
Denis Héroux (1973) J'ai mon voyage / Quand c'est parti, c'est parti !
0%
René Clément (1972) La Course du lièvre à travers les champs
0%
Ted Kotcheff (1974) L'Apprentissage de Duddy Kravitz
0%
Claude Pinoteau (1979) L'Homme en colère
0%
Terence Young (1967) Seule dans la nuit
0%
Aucun quiz correspondant
Distribution des résultats
% des personnes avec chaque résultat
Percentile par nombre de réponses
Votre historique - résultats
Vous n’avez pas pris ce quiz